LIBRARY ONLINE CATALOGUE

Forests, chiefs and peasants in Africa : (Record no. 6640)

MARC details
000 -LEADER
fixed length control field 00764nam a22002172 4500
001 - CONTROL NUMBER
control field 0000004755
005 - DATE AND TIME OF LATEST TRANSACTION
control field 20151217151940.0
008 - FIXED-LENGTH DATA ELEMENTS--GENERAL INFORMATION
fixed length control field 070529s xx 000 0 eng d
020 ## - INTERNATIONAL STANDARD BOOK NUMBER
International Standard Book Number 9517089171 :
040 ## - CATALOGING SOURCE
Original cataloging agency KABU
Transcribing agency KABU
050 #0 - LIBRARY OF CONGRESS CALL NUMBER
Classification number SD237
Item number .F67
245 10 - TITLE STATEMENT
Title Forests, chiefs and peasants in Africa :
Remainder of title local management of natural resources in Tanzania, Zimbabwe and Mozambique /
Statement of responsibility, etc. editors, Pekka Virtanen and Matti Nummelit.
260 ## - PUBLICATION, DISTRIBUTION, ETC. (IMPRINT)
Place of publication, distribution, etc. Joensuu, Finland :
Name of publisher, distributor, etc. University of Joensuu,
Date of publication, distribution, etc. 2000.
300 ## - PHYSICAL DESCRIPTION
Extent 229 p. ;
Dimensions cm.
650 #0 - SUBJECT ADDED ENTRY--TOPICAL TERM
Topical term or geographic name as entry element Forest management
Geographic subdivision Africa.
-- 0000155526
700 1# - ADDED ENTRY--PERSONAL NAME
Personal name Virtanen, Pekka.
-- 0000155527
700 1# - ADDED ENTRY--PERSONAL NAME
Personal name Nummelit, Matti.
-- 0000155528
908 ## - PUT COMMAND PARAMETER (RLIN)
Put command parameter 070529
950 ## - LOCAL HOLDINGS (RLIN)
-- 1
Holdings
Withdrawn status Lost status Source of classification or shelving scheme Not for loan Home library Current library Date acquired Total Checkouts Full call number Barcode Date last seen Price effective from Koha item type
    Library of Congress Classification   Kabarak, Main Campus Kabarak, Main Campus 17/12/2015   SD237 .F67 007144 17/12/2015 17/12/2015 General Collection